El pacto local : especial referencia a Canarias /

Bibliographic Details
Main Author: Rodrg̕uez-Arana Muǫz, Xaime
Format: Unknown
Language:Spanish
Published: Madrid : DIJUSA, 2007
Edition:2. ed.
Subjects:
Online Access:Acceso restringido

MARC

LEADER 00000ny a22000003n 4500
005 2011060809439.0
008 070529s2007 sp spa
020 |a 9788495748874 
035 |a 2578 
040 |a BP-TF  |d vLex 
080 |a 352/353(649) 
090 |c 582  |d 582 
100 1 |a Rodrg̕uez-Arana Muǫz, Xaime 
245 1 3 |a El pacto local  |h [Recurso electrn̤ico]  |b : especial referencia a Canarias /  |c por Jaime Rodrg̕uez-Arana 
250 |a 2. ed. 
256 |a Servicio en ln̕ea 
260 |a Madrid :  |b DIJUSA,  |c 2007 
300 |a 126 p. ;  |c 23 cm 
500 |a En la port.: Instituto Canario de Administracin̤ Pb︢lica, Gobierno de Canarias 
506 1 |a Contenido solo disponible en los productos indicados  |d vLex Global  |d vLex Global (Academic Edition, excluding Law Schools)  |d vLex Global (U.S. Academic Edition, Law Schools)  |d vLex Global (U.S. Academic Edition, excluding Law Schools)  |d vLex Global (Academic Edition, Law Schools) 
650 0 7 |2 Tesauro vLex  |a Administrativo 
650 0 7 |2 Tesauro vLex  |a Actividad administrativa 
650 0 7 |2 Tesauro vLex  |a Acto administrativo 
740 0 |a vLex Libros (Servicios en ln̕ea) 
856 4 0 |z Acceso restringido  |u http://vlex.com/source/pacto-local-2578 
942 |c BOOK 
999 0 |a Administrative law  |b Madrid